| 000 | 00349nam a22001577a 4500 | ||
|---|---|---|---|
| 003 | SGT | ||
| 020 | _a978-0333936931 | ||
| 082 |
_a611.013 _bH05S |
||
| 100 | _a Singh, Inderbir | ||
| 245 | _aHuman Embryyology | ||
| 250 | _a7TH | ||
| 260 |
_aDelhi India _bMacmillan Publisher _c2005 |
||
| 300 | _a1-390 | ||
| 650 | _aEmbryyology | ||
| 942 |
_2ddc _cBK |
||
| 999 |
_c21822 _d21822 |
||